Macmillan/McGraw-Hill reading
This book introduction one good pup, the bug bath, splash, what bug is it? a vet
Đã lưu trong:
| Formáid: | Leabhar |
|---|---|
| Teanga: | Undetermined |
| Foilsithe: |
New York
Macmillan
2003
|
| Ábhair: | |
| Clibeanna: |
Cuir Clib Leis
Gan Chlibeanna, Bí ar an gcéad duine leis an taifead seo a chlibeáil!
|
| Thư viện lưu trữ: | Trung tâm Học liệu Trường Đại học Cần Thơ |
|---|
| LEADER | 00577nam a2200193Ia 4500 | ||
|---|---|---|---|
| 001 | CTU_166686 | ||
| 008 | 210402s9999 xx 000 0 und d | ||
| 020 | |c 37.11 | ||
| 082 | |a 428.24 | ||
| 082 | |b M167 | ||
| 245 | 0 | |a Macmillan/McGraw-Hill reading | |
| 245 | 0 | |c James Flood ... [et.al.] | |
| 260 | |a New York | ||
| 260 | |b Macmillan | ||
| 260 | |c 2003 | ||
| 520 | |a This book introduction one good pup, the bug bath, splash, what bug is it? a vet | ||
| 650 | |a Reading English,Đọc hiểu | ||
| 904 | |i Qhieu | ||
| 980 | |a Trung tâm Học liệu Trường Đại học Cần Thơ | ||